000 00985nam a22002777a 4500
001 BR8905319
003 BR-BrBNA
005 20230928093326.0
007 ta
008 230509b bl.||||| |||| 00| 0 por d
040 _aBR-BrBNA
_bpor
_cBiblioteca Nacional de Agricultura
041 _a(Por)
072 _aP33
090 _ P33 BR8905319
100 1 _aNovak, L.R.
110 1 _aUniversidade Federal de Vicosa, MG (Brasil)
_0Tese (Magister Scientiae)
245 1 _aEfeito do trafego de trator e da pressao de contato pneu/solo na compactacao de um latossolo vermelho-escuro alico, em dois niveis de umidade
260 3 _aVicosa, MG (Brasil):
_c1989.
300 _a58 p.
500 _a8 illus.; 24 tables; 47 ref.; Summaries (Eng, Por). (*) Documento disponível na(o) Universidade Federal de Vicosa, MG (Brazil)
650 _aCOMPACTACAO DO SOLO
650 _aLATOSSOLO VERMELHO ESCURO ALICO
650 _aTRATOR
909 _a202309
_bLucia
_c55
_dLucia Elande
942 _cBK
999 _c44325
_d44325